| 000 | 01080naa a22003137a 4500 | ||
|---|---|---|---|
| 001 | BR8700605 | ||
| 003 | BR-BrBNA | ||
| 005 | 20240918175751.0 | ||
| 007 | ta | ||
| 008 | 230509b bl.||||| |||| 00| 0 por d | ||
| 040 |
_aBR-BrBNA _bpor _cBiblioteca Nacional de Agricultura |
||
| 041 | _a(Pt) | ||
| 072 |
_aS10 _b2120 |
||
| 090 | _aS10 BR8700605 | ||
| 100 | 1 | _aCarvalho, A. | |
| 100 | 1 | _aSondahl, M.R. | |
| 100 | 1 | _aSloman, C. | |
| 111 | 1 |
_a10. Congresso Brasileiro de Pesquisas Cafeeiras _cPocos de Caldas, MG (Brazil) _d29 Aug 1983 |
|
| 245 | 1 | _aTeor de cafeina em selecoes de cafe | |
| 260 | 3 |
_aRio de Janeiro, RJ (Brasil): _c1983. |
|
| 500 | _aAnais do 10. Congresso Brasileiro de Pesquisas Cafeeiras Rio de Janeiro, RJ (Brasil): 1983. p. 111-113 (BR8700605-AM)S10 | ||
| 650 | _aCAFE | ||
| 650 | _aSEMENTE | ||
| 650 | _aANALISE QUIMICA | ||
| 650 | _aCAFEINA | ||
| 773 | 0 |
_tAnais do 10. Congresso Brasileiro de Pesquisas Cafeeiras _wS10 BR8700605 _gRio de Janeiro, RJ (Brasil), 1983. p. 111-113 |
|
| 909 |
_a202404 _bLucia _c55 _dLucia Elande |
||
| 942 |
_cAM _2AGRIS |
||
| 999 |
_c318047 _d318047 |
||